Проектирование систем на микросхемах с программируемой структурой (Запись № 199767)

Подробности
000 -МАРКЕР
контрольное поле 02828nam0a2200421 4500
001 - ИДЕНТИФИКАТОР ЗАПИСИ
контрольное поле RU\NLR\bibl\949557
005 - ИДЕНТИФИКАТОР ВЕРСИИ
контрольное поле 20260406053216.0
010 ## - МЕЖДУНАРОДНЫЙ СТАНДАРТНЫЙ НОМЕР КНИГИ (ISBN)
Номер (ISBN) 5-94157-657-9
Уточнения В пер.
Тираж 2000
021 ## - НОМЕР ГОСУДАРСТВЕННОЙ РЕГИСТРАЦИИ
Код страны российская федерация
Номер 2006-14326
Номер Листа государственной регистраци 705
035 ## - ДРУГИЕ СИСТЕМНЫЕ НОМЕРА
Идентификатор записи (nilc)RSL-KNO-002858747
035 ## - ДРУГИЕ СИСТЕМНЫЕ НОМЕРА
Идентификатор записи (NLR Aleph) 000937668
100 ## - ДАННЫЕ ОБЩЕЙ ОБРАБОТКИ
Данные общей обработки 20060407d2006 |||y0rusy50 ca
101 0# - ЯЗЫК РЕСУРСА
Язык текста, звукозаписи и т.д. русский
102 ## - СТРАНА ПУБЛИКАЦИИ ИЛИ ПРОИЗВОДСТВА
Страна публикации российская федерация
105 ## - ПОЛЕ КОДИРОВАННЫХ ДАННЫХ: ТЕКСТОВЫЕ МАТЕРИАЛЫ, МОНОГРАФИЧЕСКИЕ
Кодированные данные о монографическом текстовом документе a |||||||||
106 ## - ПОЛЕ КОДИРОВАННЫХ ДАННЫХ: ТЕКСТОВЫЕ РЕСУРСЫ – ФОРМА
Форма ресурса: кодированные данные: обозначение носителя r
200 1# - ЗАГЛАВИЕ И СВЕДЕНИЯ ОБ ОТВЕТСТВЕННОСТИ
Основное заглавие Проектирование систем на микросхемах с программируемой структурой
Сведения, относящиеся к заглавию [состояние и перспективы развития цифровых и аналоговых программируемых БИС/СБИС, методология, средства и примеры проектирования с использованием САПР, средства систем. уровня проектирования (SystemC), яз. опис. цифровой и аналоговой аппаратуры (VHDL, VerilogHDL, VHDL-AMS)
-- учебное пособие]
Первые сведения об ответственности Р. И. Грушвицкий, А. Х. Мурсаев, Е. П. Угрюмов
205 ## - СВЕДЕНИЯ ОБ ИЗДАНИИ
Сведения об издании 2-е изд., [перераб. и доп.]
210 ## - ПУБЛИКАЦИЯ, РАСПРОСТРАНЕНИЕ И ДР.
Место издания, распространения и т.д. Санкт-Петербург
Имя издателя, распространителя и т. д. БХВ-Петербург
Дата издания, распространения и т.д. 2006
Место изготовления М.
Имя изготовителя Типография "Наука"
215 ## - ФИЗИЧЕСКАЯ ХАРАКТЕРИСТИКА
Специфическое обозначение материала и объем 736 с.
Другие сведения о физической характеристике схем.
Размеры 24
300 ## - ОБЩИЕ ПРИМЕЧАНИЯ
Текст примечания На 4-й с. обл. авт.: Грушвицкий Р.И., к.т.н., доц., Мурсаев А.Х., д.т.н., проф., Угрюмов Е.П., д.т.н., проф., засл. деят. науки и техники РФ
313 ## - ПРИМЕЧАНИЯ, ОТНОСЯЩИЕСЯ К ТЕМАТИЧЕСКОМУ ДОСТУПУ
Текст примечания пред.изд.2002г.
320 ## - ПРИМЕЧАНИЯ О НАЛИЧИИ В ДОКУМЕНТЕ БИБЛИОГРАФИИ / УКАЗАТЕЛЯ
Текст примечания Библиогр.: с. 723-727 (71 назв.)
320 ## - ПРИМЕЧАНИЯ О НАЛИЧИИ В ДОКУМЕНТЕ БИБЛИОГРАФИИ / УКАЗАТЕЛЯ
Текст примечания Предм. указ.: с. 729-736
606 1# - НАИМЕНОВАНИЕ ТЕМЫ КАК ПРЕДМЕТ
Наименование темы Программируемые логические интегральные схемы
Формальный подзаголовок Учебные издания
Тематический подзаголовок САПР
Системный номер авторитетной/нормативной записи 2263879
Идентификатор авторитетной/нормативной записи RU\NLR\auth\661357209
610 0# - НЕКОНТРОЛИРУЕМЫЕ ПРЕДМЕТНЫЕ ТЕРМИНЫ
Предметный термин Радиоэлектроника -- Микроэлектроника -- Интегральные схемы большие и сверхбольшие -- Проектирование -- Автоматизация -- Учебник для высшей школы
686 ## - ИНДЕКСЫ ДРУГИХ КЛАССИФИКАЦИЙ
Индекс З844.152-02-5-05я73-1
Код системы
686 ## - ИНДЕКСЫ ДРУГИХ КЛАССИФИКАЦИЙ
Индекс З844.15-02-5-05я7
700 #1 - ИМЯ ЛИЦА - ПЕРВИЧНАЯ ОТВЕТСТВЕННОСТЬ
Начальный элемент ввода Грушвицкий
Часть имени, кроме начального элемента ввода Р. И.
Расширение инициалов личного имени Ростислав Игоревич
Код отношения Автор
701 #1 - ИМЯ ЛИЦА - АЛЬТЕРНАТИВНАЯ ОТВЕТСТВЕННОСТЬ
Код отношения Автор
Материалы, к которым относится поле rus
Графика поля Кириллица
Начальный элемент ввода Мурсаев
Часть имени, кроме начального элемента ввода А. Х.
Расширение инициалов личного имени Александр Хафизович
Идентификатор авторитетной/нормативной записи RU\NLR\auth\778010
Системный номер авторитетной/нормативной записи 117931
701 #1 - ИМЯ ЛИЦА - АЛЬТЕРНАТИВНАЯ ОТВЕТСТВЕННОСТЬ
Код отношения Автор
Материалы, к которым относится поле rus
Графика поля Кириллица
Начальный элемент ввода Угрюмов
Часть имени, кроме начального элемента ввода Е. П.
Расширение инициалов личного имени Евгений Павлович
Идентификатор авторитетной/нормативной записи RU\NLR\auth\778012
Системный номер авторитетной/нормативной записи 117933
801 #0 - ИСТОЧНИК ЗАПИСИ
Страна российская федерация
Организация РКП
Дата составления 20060407
Правила каталогизации rcr
801 #1 - ИСТОЧНИК ЗАПИСИ
Страна российская федерация
Организация РГБ
Дата составления 20060407
801 #2 - ИСТОЧНИК ЗАПИСИ
Страна российская федерация
Организация NLR
Дата составления 20060516
Правила каталогизации rcr
942 ## - ДОПОЛНИТЕЛЬНЫЕ ЭЛЕМЕНТЫ ЗАПИСИ (АБИС)
Тип экземпляра АБИС Книга
980 ## - КОЛЛЕКЦИЯ
Название коллекции Национальная библиография
Экземпляры
Тип экземпляра Дата поступления Источник поступления Библиотека постоянного хранения Библиотека текущего хранения Место хранения Шифр хранения Штрих-код Статус не для выдачи Стоимость
Книга 16.05.2006 Обязательный экземпляр РНБ (Московский) РНБ (Московский) Русский книжный фонд: издания с 1957 года, 3этаж 2006-7/2663 1-3456568    
Книга 16.05.2006 Обязательный экземпляр РНБ (Московский) РНБ (Московский) Русский книжный фонд: издания с 1957 года, 3этаж 2006-7/2663 2194283    
Книга 22.01.2007 Покупка РНБ (Московский) РНБ (Московский) Фонд общего зала литературы по технике Т1 З844.1/Г-910 1-278360   219.00
Книга 22.01.2007 Покупка РНБ (Садовая) РНБ (Садовая) Универсальный читальный зал У З844.15/Г-910 1-284225   219.00